000 00747nam a2200205Ii 4500
003 JO-AjNU
008 230605s9999||||xx |||||||||||||| ||und||
017 _a2008/3419
040 _aJO-AjNU
_bara
_erda
_cJO-AjNU
041 _aara
050 1 4 _aPJ7862.H68.A17 2008
100 3 _aتقديم وتحقيق ودراسة الشيخ،ممدوح,
_eauthor
_926350
245 0 0 _aالشوقيات لأمير الشعراء أحمد شوقي المجلد الثاني ، الجزء الثالث
264 3 1 _aد.م : مكتبة جزيرة الورد ، 2008
300 _aمج2، ج3، 528ص
336 _atext
_btxt
_2rdacontent
337 _aunmediated
_bn
_2rdamedia
338 _avolume
_bnc
_2rdacarrier
650 4 _aالشعر العربي
_926351
999 _aA9973
_c13541
_d13541